00357nam a2200133Ia 4500008004100000020001500041041001200056100002300068245006800091260002500159300000800184650001500192700001600207221030s9999 xx 000 0 und d a8120328736 aEnglish aH. G. Frederickson 0aEthics in Public Managementcby H. G. Frederickson, R. K. Ghere bPHIaNew Delhic2014 a390 aManagement aR. K. Ghere